01079nac a22003137a 4500001001000000003000900010005001700019008003400036040005400070072001300124100001800137100001800155100002400173100001500197100001800212100001600230110006200246245012600308246009900434260003500533300001000568490009200578500001300670650001000683650001100693650001200704650002800716650002100744BR8800973BR-BrBNA20240105120718.0230509b bl.|||m| |||| 00| 0 por d aBR-BrBNAbporcBiblioteca Nacional de Agricultura aF02; F011 aBarreto, A.C.1 aSerpa, J.E.S.1 aCarvalho, H.W.L. de1 aLeal, E.C.1 aLima, M.F. de1 aCosta, R.G.1 aCentro Nacional de Pesquisa de Coco, Aracaju, SE (Brasil)1 aSistemas de cultivo para as culturas de milho, feijao (Phaseolus vulgaris L.)e algodao em consorcio, no estado de Sergipe1 a[Cultivation systems for maize, beans and cotton in multiple cropping at the state of Sergipe]3 aAracaju, SE (Brasil): c1987.  a26 p. aCircular Tecnica - Centro Nacional de Pesquisa de Coco (Brazil)vno. 04xISSN 0102-7948 a4 tables aMILHO aFEIJAO aALGODAO aCONSORCIACAO DE CULTURA aPRATICA CULTURAL